<La> Canción en la clase de lengua extranjera

Na minha lista:
Detalhes bibliográficos
Autor principal: Varela Cano, Diana Patricia, 1964-
Formato: Capítulo de Livro
Idioma:espanhol
Assuntos:
Tags: Adicionar Tag
Sem tags, seja o primeiro a adicionar uma tag!

MARC

LEADER 00000naa a2200000 4500
001 0223821
005 20240502073650.3
041 0 |a spa 
044 |a SK 
245 1 0 |a <La> Canción en la clase de lengua extranjera  |c Diana Patricia Varela Cano 
610 2 0 |a jazyky cudzie 
610 2 0 |a zručnosti 
610 2 0 |a komunikácia interkultúrna 
610 2 0 |a výučba vedecká 
610 2 0 |a španielčina 
610 2 0 |a jazykoveda 
100 1 |a Varela Cano, Diana Patricia, 1964-